Roblox games - Statistics

General Stats
  • This quiz has been taken 14 times
  • The average score is 4 of 8
Answer Stats
Hint Answer % Correct
A game that you pay 25 robux to play Bloxburg
100%
A tower game with changing floors Tower of hell
92%
My friends favorite game that I like but there is a lot of scammers Adopt me
77%
A Pokemon game that got deleted Pokemon brick bronze
38%
I game I used to hate but a feature got removed so the game is better Meep city
31%
A game with a smart npc Npc's are becoming smart
15%
A obby with a lot of towers Jukes towers of hell
8%
A pay to win simulator that is based around pets Pet sim x
8%
No matching quizzes found
Score Distribution
Percent of People with Each Score
Percentile by Number Answered
Your Score History
You have not taken this quiz